[Event "HUN-chT2 Szechenyi 1011"]
[Site "Hungary"]
[Date "2011.05.15"]
[Round "11.12"]
[White "Kutas, Lajos Jr"]
[Black "Kiss, Jeno"]
[Result "0-1"]
[WhiteElo "1452"]
[BlackElo "1781"]
[PlyCount "108"]
[EventDate "2010.09.12"]
[EventType "team-tourn"]
[EventRounds "11"]
[EventCountry "HUN"]
[SourceTitle "EXT 2012"]
[Source "ChessBase"]
[SourceDate "2011.11.24"]
[SourceVersion "1"]
[SourceVersionDate "2011.11.24"]
[SourceQuality "1"]
[WhiteTeam "Alsoszolnok"]
[BlackTeam "Lovo"]
[WhiteTeamCountry "HUN"]
[BlackTeamCountry "HUN"]

1. e4 e5 2. Nf3 Nc6 3. c3 Bc5 4. d4 exd4 5. cxd4 Bb4+ 6. Nc3 h6 7. d5 Nb8 8.
Qd4 Bf8 9. Bf4 Ne7 10. Bd3 d6 11. h3 Nd7 12. b4 a6 13. a4 b6 14. Rc1 Ng6 15.
Bg3 Be7 16. O-O Bf6 17. Qe3 O-O 18. Rfe1 Nde5 19. Nxe5 Nxe5 20. Bf1 Bb7 21. f4
Ng6 22. Kh1 Re8 23. Bc4 Nh4 24. Qd3 Ng6 25. b5 a5 26. Ne2 Nf8 27. Nd4 Nd7 28.
Nc6 Bxc6 29. dxc6 Nc5 30. Qc2 Bh4 31. Kh2 Qf6 32. Bxh4 Qxh4 33. g3 Qh5 34. Re2
Re7 35. Rce1 Rae8 36. Kg2 Qg6 37. Bd5 Qf6 38. Qc4 Kf8 39. Rf1 g6 40. h4 Qg7 41.
Rfe1 Qh7 42. e5 dxe5 43. Rxe5 Rxe5 44. Rxe5 Rxe5 45. fxe5 Qg7 46. Qd4 Ke7 47.
Ba2 g5 48. hxg5 Qxg5 49. Bd5 Qg6 50. Kf3 Qd3+ 51. Qxd3 Nxd3 52. Ke4 Nc5+ 53.
Kf5 Nxa4 54. e6 f6 0-1

[Event "HUN-chT 1011"]
[Site "Hungary"]
[Date "2011.05.15"]
[Round "11"]
[White "Szieberth, Adam"]
[Black "Metaxasz, Vaszilisz"]
[Result "1-0"]
[WhiteElo "2320"]
[BlackElo "2140"]
[PlyCount "87"]
[EventDate "2010.10.10"]
[EventType "team-tourn"]
[EventRounds "11"]
[EventCountry "HUN"]
[SourceTitle "EXT 2012"]
[Source "ChessBase"]
[SourceDate "2011.11.24"]
[SourceVersion "1"]
[SourceVersionDate "2011.11.24"]
[SourceQuality "1"]
[WhiteTeam "MLTC"]
[BlackTeam "Tabani Spartacus"]
[WhiteTeamCountry "HUN"]
[BlackTeamCountry "HUN"]

1. e4 e5 2. Nf3 Nc6 3. c3 d6 4. d4 Be7 5. Bb5 Bd7 6. d5 Nb8 7. Bd3 Bg4 8. Be3
Nf6 9. Nbd2 O-O 10. h3 Bh5 11. Qb3 b6 12. Qc2 c6 13. c4 Qc7 14. Nh4 Bg6 15.
Nxg6 hxg6 16. O-O Nbd7 17. Rfc1 Nh5 18. g3 c5 19. Kh2 Qd8 20. Nf3 g5 21. Rg1 g6
22. Qd2 f6 23. Kg2 Rf7 24. Be2 Nf8 25. Nh2 Ng7 26. Ng4 Kh7 27. f4 exf4 28. gxf4
gxf4 29. Bxf4 g5 30. Bg3 Ng6 31. h4 f5 32. h5 Nh4+ 33. Bxh4 fxg4 34. Bg3 Nxh5
35. Rh1 Kg6 36. Rxh5 Kxh5 37. Bxg4+ Kg6 38. Rh1 Bf6 39. Bh5+ Kg7 40. e5 dxe5
41. Bxf7 Kxf7 42. Qd3 Qc8 43. Qh7+ Ke8 44. Qg6+ 1-0

[Event "Llobregat op 3rd"]
[Site "Llobregat"]
[Date "2011.05.14"]
[Round "6"]
[White "Salazar Navas, Josep"]
[Black "Vallejo Gonzalez, Luis"]
[Result "1-0"]
[WhiteElo "1859"]
[BlackElo "1596"]
[PlyCount "55"]
[EventDate "2011.04.02"]
[EventType "swiss"]
[EventRounds "7"]
[EventCountry "ESP"]
[SourceTitle "CBM 142 Extra"]
[Source "ChessBase"]
[SourceDate "2011.06.27"]
[SourceVersion "1"]
[SourceVersionDate "2011.06.27"]
[SourceQuality "1"]

1. e4 e5 2. Nf3 Nc6 3. c3 Nf6 4. d4 exd4 5. e5 Nd5 6. cxd4 Bb4+ 7. Bd2 Qe7 8.
Bc4 Nb6 9. Bb3 Bxd2+ 10. Qxd2 d5 11. Nc3 Be6 12. O-O O-O-O 13. Rfc1 Nc4 14. Qe2
Bg4 15. Nxd5 Rxd5 16. Qe4 Bxf3 17. Qxf3 Nxd4 18. Qxd5 Ne2+ 19. Kh1 Nxc1 20.
Bxc4 Rd8 21. Qf3 Qg5 22. g3 Qd2 23. Qxf7 Qe1+ 24. Kg2 Qe4+ 25. Kh3 Nd3 26. Rd1
b6 27. Be6+ Kb8 28. Rxd3 1-0

[Event "It (open)"]
[Site "L'Hospitalet de Llobregat (Sp"]
[Date "2011.05.14"]
[Round "6"]
[White "Salazar Navas, Josep"]
[Black "Vallejo Gonzalez, Luis"]
[Result "1-0"]
[WhiteElo "1885"]
[BlackElo "1591"]
[PlyCount "55"]
[EventDate "2011.??.??"]
[EventRounds "8"]
[EventCountry "ESP"]
[SourceTitle "OM OTB B 201907"]
[Source "Opening Master"]
[SourceDate "2019.07.06"]
[SourceVersion "2"]
[SourceVersionDate "2019.07.06"]
[SourceQuality "1"]

1. e4 e5 2. Nf3 Nc6 3. c3 Nf6 4. d4 exd4 5. e5 Nd5 6. cxd4 Bb4+ 7. Bd2 Qe7 8.
Bc4 Nb6 9. Bb3 Bxd2+ 10. Qxd2 d5 11. Nc3 Be6 12. O-O O-O-O 13. Rfc1 Nc4 14. Qe2
Bg4 15. Nxd5 Rxd5 16. Qe4 Bxf3 17. Qxf3 Nxd4 18. Qxd5 Ne2+ 19. Kh1 Nxc1 20.
Bxc4 Rd8 21. Qf3 Qg5 22. g3 Qd2 23. Qxf7 Qe1+ 24. Kg2 Qe4+ 25. Kh3 Nd3 26. Rd1
b6 27. Ba6+ Kb8 28. Rxd3 1-0

[Event "UKR-ch sf"]
[Site "Alushta"]
[Date "2011.05.10"]
[Round "8"]
[White "Ljukin, Sergei"]
[Black "Koziak, Vitali"]
[Result "1-0"]
[WhiteElo "2360"]
[BlackElo "2482"]
[PlyCount "87"]
[EventDate "2011.05.03"]
[EventType "swiss"]
[EventRounds "9"]
[EventCountry "UKR"]
[SourceTitle "CBM 142 Extra"]
[Source "ChessBase"]
[SourceDate "2011.06.27"]
[SourceVersion "1"]
[SourceVersionDate "2011.06.27"]
[SourceQuality "1"]

1. e4 e5 2. Nf3 Nc6 3. c3 d5 4. Qa4 Bd7 5. exd5 Nd4 6. Qd1 Nxf3+ 7. Qxf3 Nf6 8.
Bc4 Bd6 9. d3 Bg4 10. Qg3 O-O 11. Bg5 Bh5 12. Qh3 Bg6 13. Nd2 b5 14. Bb3 a5 15.
a3 h6 16. Bxf6 Qxf6 17. Ne4 Bxe4 18. dxe4 Qg6 19. Bc2 b4 20. cxb4 axb4 21. a4
b3 22. Bd3 Bb4+ 23. Ke2 Qb6 24. Rhb1 Bc5 25. Qf3 Qb4 26. Bb5 f5 27. exf5 e4 28.
Qc3 Qxc3 29. bxc3 Rxf5 30. f3 exf3+ 31. gxf3 Raf8 32. Kd3 Rxd5+ 33. Kc4 Rh5 34.
Bc6 Bb6 35. Bd5+ Kh8 36. Rxb3 Rd8 37. Rb5 Rxh2 38. a5 Bf2 39. Be4 c6 40. Rb7
Ra8 41. a6 Ba7 42. Rd1 Be3 43. a7 Bf4 44. Rb8+ 1-0

[Event "maximum 1 day a move"]
[Site "http://gameknot.com/chess.pl?"]
[Date "2011.05.10"]
[Round "?"]
[White "Oregonchessguy"]
[Black "Mickisa"]
[Result "0-1"]
[WhiteElo "2171"]
[BlackElo "2061"]
[PlyCount "94"]
[EventDate "2011.??.??"]
[SourceTitle "OM Portal C 201906"]
[Source "Opening Master"]
[SourceDate "2019.06.27"]
[SourceVersion "1"]
[SourceVersionDate "2019.06.27"]
[SourceQuality "1"]

1. e4 e5 2. Nf3 Nc6 3. c3 d5 4. Qa4 f6 5. Bb5 Nge7 6. exd5 Qxd5 7. d4 e4 8. c4
Qd8 9. Nfd2 Kf7 10. Nxe4 Nxd4 11. c5 Nxb5 12. Qxb5 Qd7 13. Qe2 Nd5 14. O-O Qc6
15. Be3 Be7 16. Nbc3 Rd8 17. Rfe1 Bf5 18. Rad1 Nxe3 19. Qxe3 Rxd1 20. Rxd1 Rd8
21. Rxd8 Bxd8 22. Ng3 Bd7 23. Qd3 Be7 24. h4 g6 25. b4 Be6 26. Nge4 Bf5 27. a3
b6 28. cxb6 axb6 29. f3 Be6 30. Qd2 Kg8 31. Ne2 Bc4 32. Nd4 Qd5 33. Nc3 Qd7 34.
Qf4 b5 35. h5 f5 36. Kf2 Bf8 37. Nce2 c5 38. bxc5 Bxc5 39. Qe5 Bxa3 40. Qb8+
Bf8 41. hxg6 hxg6 42. Qe5 b4 43. Qf6 Qd6 44. Qxd6 Bxd6 45. Ke3 b3 46. Nc3 b2
47. Kd2 Bb4 0-1

[Event "SVK-chT 1011"]
[Site "Slovakia"]
[Date "2011.05.08"]
[Round "11.6"]
[White "Csonka, Attila Istvan"]
[Black "Tropp, Frantisek"]
[Result "1-0"]
[WhiteElo "2378"]
[BlackElo "2080"]
[PlyCount "63"]
[EventDate "2010.11.27"]
[EventType "team-tourn"]
[EventRounds "11"]
[EventCountry "SVK"]
[SourceTitle "EXT 2012"]
[Source "ChessBase"]
[SourceDate "2011.11.24"]
[SourceVersion "1"]
[SourceVersionDate "2011.11.24"]
[SourceQuality "1"]
[WhiteTeam "Dunajska Streda"]
[BlackTeam "Kezmarok"]
[WhiteTeamCountry "SVK"]
[BlackTeamCountry "SVK"]

1. e4 e5 2. Nf3 Nc6 3. c3 Nf6 4. d4 d6 5. Be2 Bg4 6. O-O Be7 7. Be3 O-O 8. Nbd2
exd4 9. Nxd4 Bxe2 10. Qxe2 Nxd4 11. cxd4 d5 12. e5 Nd7 13. f4 f5 14. Kh1 Nb6
15. b3 Qd7 16. Rg1 Kh8 17. Raf1 Rac8 18. Rf3 Bb4 19. Rh3 Qf7 20. Nf3 Be7 21.
Qd3 g6 22. Bf2 Kg7 23. Bh4 Bxh4 24. Rxh4 h6 25. g4 Rce8 26. Qf1 Nc8 27. Qh3
fxg4 28. Rhxg4 Re6 29. Nh4 g5 30. Rxg5+ hxg5 31. Rxg5+ Kh7 32. Nf5+ 1-0

[Event "Metz op-B 29th"]
[Site "Metz"]
[Date "2011.05.08"]
[Round "9"]
[White "Lombard, Christophe"]
[Black "Brion, Marwan"]
[Result "1-0"]
[WhiteElo "1805"]
[BlackElo "1560"]
[PlyCount "55"]
[EventDate "2011.05.02"]
[EventType "swiss"]
[EventRounds "9"]
[EventCountry "FRA"]
[SourceTitle "EXT 2013"]
[Source "ChessBase"]
[SourceDate "2012.11.22"]
[SourceVersion "1"]
[SourceVersionDate "2012.11.22"]
[SourceQuality "1"]

1. e4 e5 2. Nf3 Nc6 3. c3 d6 4. d4 exd4 5. cxd4 Nf6 6. Nc3 Be7 7. Bb5 a6 8.
Bxc6+ bxc6 9. O-O O-O 10. Bf4 Re8 11. Qc2 h6 12. e5 dxe5 13. dxe5 Nd5 14. Rad1
Be6 15. Nd4 Qd7 16. Nxe6 fxe6 17. Nxd5 cxd5 18. Qg6 Kh8 19. Bxh6 gxh6 20. Qxh6+
Kg8 21. Qg6+ Kh8 22. Rd3 Qd8 23. Rh3+ Bh4 24. Qh6+ Kg8 25. Rxh4 Re7 26. Rg4+
Kf7 27. Qg6+ Kf8 28. Qg8# 1-0

[Event "Llinars del Valles op-B 5th"]
[Site "Llinars del Valles"]
[Date "2011.05.07"]
[Round "2"]
[White "Porta Tovar, Guillem"]
[Black "Ribalta Bertran, Esteve"]
[Result "1-0"]
[WhiteElo "1613"]
[BlackElo "1850"]
[PlyCount "107"]
[EventDate "2011.04.30"]
[EventType "swiss"]
[EventRounds "7"]
[EventCountry "ESP"]
[SourceTitle "EXT 2012"]
[Source "ChessBase"]
[SourceDate "2011.11.24"]
[SourceVersion "1"]
[SourceVersionDate "2011.11.24"]
[SourceQuality "1"]

1. e4 e5 2. Nf3 Nc6 3. c3 Nf6 4. d4 d5 5. exd5 Qxd5 6. dxe5 Qxd1+ 7. Kxd1 Ng4
8. Be3 Nxe3+ 9. fxe3 Bg4 10. Be2 O-O-O+ 11. Ke1 Bxf3 12. gxf3 Nxe5 13. b4 f5
14. Rg1 g6 15. Na3 Bg7 16. Rd1 Rhe8 17. Kf2 Bf6 18. Nc2 Bh4+ 19. Kg2 Nd7 20. c4
Nb6 21. Rxd8+ Bxd8 22. Rd1 Bg5 23. c5 Nd7 24. Rd3 c6 25. Kf2 Nf6 26. Ra3 Kb8
27. Bc4 Rd8 28. Nd4 f4 29. exf4 Rxd4 30. fxg5 Ng4+ 31. fxg4 Rxc4 32. Re3 Rf4+
33. Kg3 Rf7 34. h4 a5 35. bxa5 Ka7 36. h5 Ka6 37. hxg6 hxg6 38. Re6 Rg7 39. Kf4
Kxa5 40. Ke5 Rg8 41. Kf6 Kb5 42. Kf7 Rh8 43. Kxg6 Kxc5 44. Kg7 Rh4 45. g6 Rxg4
46. Kf7 Kd5 47. Rf6 c5 48. g7 Rxg7+ 49. Kxg7 b5 50. Rf5+ Kc4 51. Kf6 Kb4 52.
Ke6 c4 53. Kd5 Kc3 54. Kc5 1-0

[Event "FICGS__CHESS__RAPID_E__000054"]
[Site "FICGS"]
[Date "2011.05.07"]
[Round "1"]
[White "Melquiades, Jay"]
[Black "Bromo, Alexis"]
[Result "0-1"]
[WhiteElo "897"]
[BlackElo "1141"]
[PlyCount "52"]
[EventDate "2011.??.??"]
[EventType "rapid"]

1. e4 e5 2. Nf3 Nc6 3. c3 Nf6 4. d3 Bc5 5. Nbd2 Ng4 6. d4 exd4 7. cxd4 Bb6 8.
h3 Nf6 9. e5 Nd5 10. a3 Nxd4 11. Nxd4 Bxd4 12. Ne4 Bxf2+ 13. Nxf2 c6 14. Ne4
Qh4+ 15. Nf2 O-O 16. Bd2 Re8 17. g3 Qxg3 18. Qg4 Qxe5+ 19. Be2 Qxb2 20. Bh6
Qxa1+ 21. Nd1 g6 22. O-O d6 23. Ne3 Nxe3 24. Qf4 Nxf1 25. Qxd6 Nd2+ 26. Kf2
Ne4+ 0-1

[Event "FICGS__CHESS__RAPID_E__000054"]
[Site "FICGS"]
[Date "2011.05.07"]
[Round "1"]
[White "Melquiades, Jay"]
[Black "Zaunercik, Ilmar"]
[Result "1-0"]
[WhiteElo "897"]
[BlackElo "1345"]
[PlyCount "27"]
[EventDate "2011.??.??"]
[EventType "rapid"]

1. e4 e5 2. Nf3 Nc6 3. c3 Nf6 4. d3 d5 5. Bg5 dxe4 6. Nh4 exd3 7. Bxd3 Be7 8.
Bf5 Bxf5 9. Nd2 Bd3 10. h3 O-O 11. Ndf3 e4 12. Nd4 Nxd4 13. cxd4 Qxd4 14. Nf5
1-0

[Event "Ostrava Konik op-A"]
[Site "Ostrava"]
[Date "2011.05.06"]
[Round "7"]
[White "Polok, Kacper"]
[Black "Olsarova, Karolina"]
[Result "0-1"]
[WhiteElo "2046"]
[BlackElo "2235"]
[PlyCount "28"]
[EventDate "2011.04.30"]
[EventType "swiss"]
[EventRounds "9"]
[EventCountry "CZE"]
[SourceTitle "CBM 142 Extra"]
[Source "ChessBase"]
[SourceDate "2011.06.27"]
[SourceVersion "1"]
[SourceVersionDate "2011.06.27"]
[SourceQuality "1"]

1. e4 e5 2. Nf3 Nc6 3. c3 Nf6 4. d4 Nxe4 5. d5 Nb8 6. Nxe5 Qe7 7. Qd4 Nf6 8.
Kd1 c5 9. dxc6 Nxc6 10. Nxc6 dxc6 11. Bd3 Be6 12. Kc2 Rd8 13. Qxa7 Rxd3 14.
Kxd3 Bc4+ 0-1

[Event "Txingalarri taldea - mini-tournament I"]
[Site "http://gameknot.com/chess.pl?"]
[Date "2011.05.06"]
[Round "?"]
[White "Oregonchessguy"]
[Black "Grandpatzer"]
[Result "0-1"]
[WhiteElo "2186"]
[BlackElo "2205"]
[PlyCount "80"]
[EventDate "2011.??.??"]
[SourceTitle "OM Portal C 201906"]
[Source "Opening Master"]
[SourceDate "2019.06.27"]
[SourceVersion "1"]
[SourceVersionDate "2019.06.27"]
[SourceQuality "1"]

1. e4 e5 2. Nf3 Nc6 3. c3 Nf6 4. d4 exd4 5. e5 Nd5 6. Qb3 Nb6 7. cxd4 d6 8. Bb5
Be6 9. Qc2 Qd7 10. O-O a6 11. Bxc6 Qxc6 12. Nc3 Nd5 13. Re1 O-O-O 14. Bg5 Re8
15. Qd3 Nxc3 16. bxc3 h6 17. Bf4 g5 18. Bg3 d5 19. Rab1 Kb8 20. h3 Ka7 21. Rb2
Be7 22. Qe3 b6 23. Qd3 Qd7 24. Qd2 Reg8 25. Qd3 h5 26. h4 gxh4 27. Bxh4 Bf5 28.
Qe3 Be4 29. Bxe7 Qxe7 30. c4 Rg6 31. c5 Rhg8 32. g3 h4 33. Qa3 Qd8 34. cxb6+
cxb6 35. Kf1 hxg3 36. Qc3 Qd7 37. Ke2 Rc6 38. Qb3 gxf2 39. Kxf2 Qf5 40. Re3 Qf4
0-1

[Event "Hessen-ch Seniors 7th"]
[Site "Bad Sooden"]
[Date "2011.05.04"]
[Round "5"]
[White "Schulz, Eugen"]
[Black "Klein, Alfred"]
[Result "1/2-1/2"]
[WhiteElo "1719"]
[BlackElo "1491"]
[PlyCount "62"]
[EventDate "2011.04.30"]
[EventType "swiss"]
[EventRounds "9"]
[EventCountry "GER"]
[SourceTitle "EXT 2012"]
[Source "ChessBase"]
[SourceDate "2011.11.24"]
[SourceVersion "1"]
[SourceVersionDate "2011.11.24"]
[SourceQuality "1"]

1. e4 e5 2. Nf3 Nc6 3. c3 Nf6 4. d4 exd4 5. e5 Nd5 6. cxd4 d6 7. Bb5 a6 8.
Bxc6+ bxc6 9. O-O Rb8 10. Nc3 Be7 11. Qa4 Qd7 12. a3 O-O 13. Qc4 Nb6 14. Qe2 a5
15. Re1 Ra8 16. Bf4 Ba6 17. Qc2 d5 18. Ng5 Bxg5 19. Bxg5 Qe6 20. Ne2 Bxe2 21.
Rxe2 h6 22. Bh4 a4 23. f4 Qg4 24. Bg3 Nc4 25. Kf2 Rfb8 26. h3 Qd7 27. Rb1 Rb3
28. Bh4 Rab8 29. Qc1 Nxa3 30. Ra1 Nc4 31. Rxa4 Rxb2 1/2-1/2

[Event "Hessen-ch Seniors 7th"]
[Site "Bad Sooden"]
[Date "2011.05.02"]
[Round "3"]
[White "Schulz, Eugen"]
[Black "Hampe, Werner"]
[Result "1/2-1/2"]
[WhiteElo "1719"]
[BlackElo "1577"]
[PlyCount "32"]
[EventDate "2011.04.30"]
[EventType "swiss"]
[EventRounds "9"]
[EventCountry "GER"]
[SourceTitle "EXT 2012"]
[Source "ChessBase"]
[SourceDate "2011.11.24"]
[SourceVersion "1"]
[SourceVersionDate "2011.11.24"]
[SourceQuality "1"]

1. e4 e5 2. Nf3 Nc6 3. c3 Nf6 4. d4 exd4 5. e5 Nd5 6. cxd4 Bb4+ 7. Bd2 O-O 8.
Nc3 Bxc3 9. bxc3 d6 10. Bb5 dxe5 11. Bxc6 bxc6 12. Nxe5 Ba6 13. Qc2 f6 14. Nd3
Bxd3 15. Qxd3 Qd7 16. h3 Nb6 1/2-1/2

[Event "Karlovy Vary op"]
[Site "Karlovy Vary"]
[Date "2011.05.01"]
[Round "5"]
[White "Neuman, Petr"]
[Black "Chudinovskih, Alexander"]
[Result "1/2-1/2"]
[WhiteElo "2469"]
[BlackElo "2292"]
[PlyCount "72"]
[EventDate "2011.04.28"]
[EventType "swiss"]
[EventRounds "8"]
[EventCountry "CZE"]
[SourceTitle "CBM 142 Extra"]
[Source "ChessBase"]
[SourceDate "2011.06.27"]
[SourceVersion "1"]
[SourceVersionDate "2011.06.27"]
[SourceQuality "1"]

1. e4 e5 2. Nf3 Nc6 3. c3 Nf6 4. d3 Be7 5. b4 a6 6. Nbd2 O-O 7. Be2 d5 8. a3 h6
9. O-O Be6 10. Bb2 dxe4 11. dxe4 Nd7 12. Nc4 b5 13. Ne3 Nb6 14. Qc2 f6 15. c4
bxc4 16. Nxc4 Qe8 17. Rac1 Nd8 18. Nfd2 Na4 19. Nb3 Nb7 20. Ba1 c5 21. Nba5 Rb8
22. Ne3 cxb4 23. axb4 Nxa5 24. bxa5 Nc5 25. Bc4 Rf7 26. Nd5 Bd8 27. Bc3 Rfb7
28. f3 Qc6 29. Qe2 Kh8 30. Rc2 Rb1 31. Rxb1 Rxb1+ 32. Kf2 Qa4 33. Ra2 Qc6 34.
Bd2 Nb3 35. Be3 Nc1 36. Bxc1 Rxc1 1/2-1/2

[Event "Karlovy Vary op"]
[Site "Karlovy Vary"]
[Date "2011.05.01"]
[Round "5"]
[White "Martan, Petr"]
[Black "Harasta, Ivan"]
[Result "1-0"]
[WhiteElo "1568"]
[BlackElo "1100"]
[PlyCount "53"]
[EventDate "2011.04.28"]
[EventType "swiss"]
[EventRounds "8"]
[EventCountry "CZE"]
[SourceTitle "CBM 142 Extra"]
[Source "ChessBase"]
[SourceDate "2011.06.27"]
[SourceVersion "1"]
[SourceVersionDate "2011.06.27"]
[SourceQuality "1"]

1. e4 e5 2. Nf3 Nc6 3. c3 Nf6 4. Bc4 Bc5 5. d4 exd4 6. e5 Ne4 7. Bxf7+ Kxf7 8.
cxd4 Bb4+ 9. Bd2 d6 10. Qb3+ Be6 11. d5 Bxd2+ 12. Nbxd2 Nxd2 13. dxe6+ Ke7 14.
Nxd2 Nxe5 15. O-O Qe8 16. f4 Ng4 17. f5 Rg8 18. Qxb7 Rc8 19. Rac1 Qh5 20. Rxc7+
Rxc7 21. Qxc7+ Kf8 22. Qxd6+ Ke8 23. Qd7+ Kf8 24. e7+ Kf7 25. e8=Q+ Kf6 26.
Qxh5 Ne5 27. Qe6# 1-0

[Event "Griesheim op"]
[Site "Griesheim"]
[Date "2011.05.??"]
[Round "5"]
[White "Breining, Anton"]
[Black "Wolf, Christoph"]
[Result "0-1"]
[WhiteElo "1479"]
[BlackElo "1952"]
[PlyCount "94"]
[EventDate "2011.05.??"]
[EventType "swiss"]
[EventRounds "5"]
[EventCountry "GER"]
[SourceTitle "CBM 142 Extra"]
[Source "ChessBase"]
[SourceDate "2011.06.27"]
[SourceVersion "1"]
[SourceVersionDate "2011.06.27"]
[SourceQuality "1"]

1. e4 e5 2. Nf3 Nc6 3. c3 Nf6 4. d3 d5 5. exd5 Nxd5 6. g3 Be6 7. Bg2 f6 8. O-O
Qd7 9. d4 e4 10. Nfd2 e3 11. Nf3 exf2+ 12. Rxf2 Nb6 13. Kh1 O-O-O 14. b4 Bh3
15. a4 Bxg2+ 16. Kxg2 h5 17. Na3 Ne5 18. a5 Nbc4 19. Nxc4 Nxc4 20. Qf1 Qd5 21.
Kg1 a6 22. Ne1 h4 23. Qg2 hxg3 24. hxg3 Qxg2+ 25. Kxg2 Nd6 26. Re2 Nf5 27. Nd3
Bd6 28. Bf4 Rde8 29. Rae1 Kd7 30. Bxd6 cxd6 31. Rxe8 Rxe8 32. Rxe8 Kxe8 33. Kf3
g5 34. g4 Nh6 35. Nf2 Ke7 36. d5 Nf7 37. Ke4 Ne5 38. Kd4 Nf3+ 39. Kc4 f5 40.
gxf5 Kf6 41. Ne4+ Ke5 42. f6 Kxe4 43. f7 Ne5+ 44. Kb3 Nxf7 45. c4 g4 46. b5 g3
47. bxa6 bxa6 0-1

[Event "Sachsen-ch U12 Girls"]
[Site "Sebnitz"]
[Date "2011.04.30"]
[Round "7"]
[White "Kempe, Anne"]
[Black "Demme, Miriam"]
[Result "1-0"]
[WhiteElo "1470"]
[BlackElo "945"]
[PlyCount "97"]
[EventDate "2011.04.26"]
[EventType "swiss"]
[EventRounds "7"]
[EventCountry "GER"]
[SourceTitle "EXT 2012"]
[Source "ChessBase"]
[SourceDate "2011.11.24"]
[SourceVersion "1"]
[SourceVersionDate "2011.11.24"]
[SourceQuality "1"]

1. e4 e5 2. Nf3 Nc6 3. c3 Nf6 4. d4 exd4 5. e5 Ng4 6. cxd4 f6 7. h3 Nh6 8. Bc4
d5 9. exd6 Bxd6 10. O-O Bd7 11. Re1+ Ne7 12. Nc3 Qc8 13. Nd5 Nf7 14. Nxe7 Bxe7
15. Qe2 O-O 16. Qxe7 b5 17. Bxf7+ Rxf7 18. Qe4 Qf8 19. Bf4 Re8 20. Qc2 Rxe1+
21. Rxe1 c6 22. Qc5 Qxc5 23. dxc5 h6 24. Bd6 a6 25. Nd4 a5 26. b3 Kh7 27. a4
bxa4 28. bxa4 Bc8 29. Nxc6 Bd7 30. Nd8 Kg8 31. Nxf7 Kxf7 32. Re7+ Kg8 33. Rxd7
Kh7 34. c6 Kg6 35. c7 Kh7 36. c8=Q h5 37. Qf8 Kg6 38. Qxg7+ Kf5 39. Qh7+ Ke6
40. Re7+ Kxd6 41. Qf7 Kc5 42. Qxf6 Kb4 43. Re5 Kxa4 44. Qf4+ Ka3 45. Rxa5+ Kb3
46. Ra4 Kc3 47. Qc4+ Kd2 48. Ra2+ Kd1 49. Qf1# 1-0

[Event "Llinars del Valles op-A 5th"]
[Site "Llinars del Valles"]
[Date "2011.04.30"]
[Round "1"]
[White "Porta Tovar, Oriol"]
[Black "Garcia Acosta, Roger"]
[Result "0-1"]
[WhiteElo "1673"]
[BlackElo "1918"]
[PlyCount "40"]
[EventDate "2011.04.30"]
[EventType "swiss"]
[EventRounds "7"]
[EventCountry "ESP"]
[SourceTitle "EXT 2012"]
[Source "ChessBase"]
[SourceDate "2011.11.24"]
[SourceVersion "1"]
[SourceVersionDate "2011.11.24"]
[SourceQuality "1"]

1. e4 e5 2. Nf3 Nc6 3. c3 Nf6 4. d4 exd4 5. e5 Nd5 6. cxd4 d6 7. Bb5 Be7 8. O-O
O-O 9. Nc3 Nxc3 10. bxc3 Bg4 11. Qd3 Bh5 12. Ba3 d5 13. Bxe7 Nxe7 14. Nd2 c6
15. Qh3 cxb5 16. Qxh5 Rc8 17. Qh3 Ng6 18. Nb3 Qg5 19. e6 Nf4 20. exf7+ Kh8 0-1

[Event "5. Kadetski festival SS Srbije - M12"]
[Site "Kragujevac"]
[Date "2011.04.27"]
[Round "6.2"]
[White "Radovic, Luka"]
[Black "Arsic, Djordje"]
[Result "0-1"]
[WhiteElo "1937"]
[BlackElo "1854"]
[PlyCount "118"]
[EventDate "2011.04.24"]
[EventRounds "9"]
[EventCountry "YUG"]
[SourceTitle "OM OTB B 201907"]
[Source "Opening Master"]
[SourceDate "2019.07.06"]
[SourceVersion "2"]
[SourceVersionDate "2019.07.06"]
[SourceQuality "1"]

1. e4 e5 2. Nf3 Nc6 3. c3 d5 4. Qa4 Nf6 5. Nxe5 Bd6 6. Nxc6 bxc6 7. d4 dxe4 8.
Bg5 O-O 9. Nd2 h6 10. Be3 Re8 11. O-O-O Nd5 12. Bc4 Bd7 13. Qa5 f5 14. g3 Be6
15. Bb3 Kh8 16. Nc4 Qe7 17. Ba4 Bd7 18. Rhe1 Rab8 19. Nxd6 cxd6 20. Bb3 Be6 21.
Qa3 Rb7 22. Bxd5 Bxd5 23. Bf4 Rd8 24. b3 Bf7 25. c4 g5 26. Be3 d5 27. Qxe7 Rxe7
28. c5 Kg7 29. Kc2 Be6 30. h4 Kg6 31. b4 Rf8 32. hxg5 hxg5 33. a4 a6 34. Rb1
Bd7 35. Rbc1 Rh7 36. Rh1 Rfh8 37. Rxh7 Rxh7 38. Kd2 Rh2 39. Ke2 Kh5 40. b5 axb5
41. axb5 Kg4 42. b6 Bc8 43. Rg1 Ba6+ 44. Kd2 Rh5 45. Ra1 Bb7 46. Ra7 Rh7 47.
Ke2 f4 48. gxf4 gxf4 49. Bd2 Kf5 50. Bc1 Rf7 51. Bd2 Re7 52. Bc1 Kg4 53. Bd2
Kg5 54. Bc1 Kf5 55. Bd2 e3 56. fxe3 Ke4 57. exf4 Kxd4+ 58. Kf3 Kxc5 59. f5 Kxb6
0-1

[Event "CRO-chT U20 20th"]
[Site "Sv Filip i Jakov"]
[Date "2011.04.26"]
[Round "2"]
[White "Jerkovic, Maroje"]
[Black "Rubil, Marko"]
[Result "0-1"]
[WhiteElo "1802"]
[BlackElo "2190"]
[PlyCount "84"]
[EventDate "2011.04.26"]
[EventType "team-tourn"]
[EventRounds "11"]
[EventCountry "CRO"]
[SourceTitle "EXT 2012"]
[Source "ChessBase"]
[SourceDate "2011.11.24"]
[SourceVersion "1"]
[SourceVersionDate "2011.11.24"]
[SourceQuality "1"]

1. e4 e5 2. Nf3 Nc6 3. c3 d5 4. Qa4 f6 5. d3 Nge7 6. Nbd2 Be6 7. b4 Qd7 8. b5
Nd8 9. d4 Ng6 10. dxe5 fxe5 11. Ng5 Bg8 12. exd5 Bxd5 13. c4 Be7 14. h4 Be6 15.
Ba3 O-O 16. O-O-O Bf5 17. Nde4 Qe8 18. Ng3 Nxh4 19. Bxe7 Qxe7 20. N5e4 Bg6 21.
c5 Rf4 22. f3 Kh8 23. c6 bxc6 24. bxc6 Be8 25. Ne2 Rf8 26. N2c3 Bxc6 27. Qc2
Ng6 28. Bd3 Kg8 29. Ng3 Qg5+ 30. Kb1 Qxg3 31. Rxh7 Kxh7 32. Bxg6+ Kg8 33. Qb3+
Nf7 34. Qe6 Rab8+ 35. Ka1 Qxg2 36. Rb1 Rxb1+ 37. Nxb1 Qxf3 38. a3 Qf6 39. Bxf7+
Rxf7 40. Qc8+ Kh7 41. Qh3+ Kg8 42. Qc8+ Rf8 0-1